|
|
|
|
| LEADER |
00000cam a22000004a 4500 |
| 001 |
musev2_41353 |
| 003 |
MdBmJHUP |
| 005 |
20230905044332.0 |
| 006 |
m o d |
| 007 |
cr||||||||nn|n |
| 008 |
150806s2015 ncu o 00 0 eng d |
| 020 |
|
|
|a 9781469624792
|
| 020 |
|
|
|z 9781469624129
|
| 020 |
|
|
|z 9781469624112
|
| 035 |
|
|
|a (OCoLC)915941190
|
| 040 |
|
|
|a MdBmJHUP
|c MdBmJHUP
|
| 100 |
1 |
|
|a White, Heather Rachelle,
|d 1974-
|e author.
|
| 245 |
1 |
0 |
|a Reforming Sodom :
|b Protestants and the Rise of Gay Rights /
|c Heather R. White.
|
| 250 |
|
|
|a 1 [edition].
|
| 264 |
|
1 |
|a Chapel Hill, NC :
|b University of North Carolina Press,
|c [2015]
|
| 264 |
|
3 |
|a Baltimore, Md. :
|b Project MUSE,
|c 2015
|
| 264 |
|
4 |
|c ©[2015]
|
| 300 |
|
|
|a 1 online resource (260 pages).
|
| 336 |
|
|
|a text
|b txt
|2 rdacontent
|
| 337 |
|
|
|a computer
|b c
|2 rdamedia
|
| 338 |
|
|
|a online resource
|b cr
|2 rdacarrier
|
| 505 |
0 |
|
|a How the Bible came to speak about homosexuality -- The therapeutic orthodoxy -- Writing the homophile self -- Churchmen and homophiles -- Sanctified heterosexuality -- Born again at Stonewall -- Afterlives of an invented past.
|
| 520 |
8 |
|
|a With a focus on mainline Protestants and gay rights activists in the twentieth century, this book challenges the usual picture of perennial adversaries with a new narrative about America's religious and sexual past. The book argues that today's antigay Christian traditions originated in the 1920s when a group of liberal Protestants began to incorporate psychiatry and psychotherapy into Christian teaching.
|
| 588 |
|
|
|a Description based on print version record.
|
| 650 |
|
7 |
|a Protestant churches
|x Doctrines.
|2 fast
|0 (OCoLC)fst01079882
|
| 650 |
|
7 |
|a Homosexuality
|x Religious aspects
|x Christianity.
|2 fast
|0 (OCoLC)fst00959790
|
| 650 |
|
7 |
|a Homosexuality
|x Religious aspects
|x Protestant churches.
|2 fast
|0 (OCoLC)fst02016693
|
| 650 |
|
7 |
|a SOCIAL SCIENCE
|x Gay Studies.
|2 bisacsh
|
| 650 |
|
7 |
|a RELIGION
|x Christianity
|x General.
|2 bisacsh
|
| 650 |
|
7 |
|a RELIGION
|x Christian Life
|x Social Issues.
|2 bisacsh
|
| 650 |
|
6 |
|a Homosexualite
|x Aspect religieux
|x Églises protestantes.
|
| 650 |
|
6 |
|a Églises protestantes
|x Doctrines.
|
| 650 |
|
6 |
|a Homosexualite
|x Aspect religieux
|x Christianisme.
|
| 650 |
|
0 |
|a Protestant gays
|x Religious life.
|
| 650 |
|
0 |
|a Homosexuality
|x Religious aspects
|x Protestant churches.
|
| 650 |
|
0 |
|a Protestant churches
|x Doctrines.
|
| 650 |
|
0 |
|a Homosexuality
|x Religious aspects
|x Christianity.
|
| 655 |
|
7 |
|a Electronic books.
|2 local
|
| 710 |
2 |
|
|a Project Muse.
|e distributor
|
| 830 |
|
0 |
|a Book collections on Project MUSE.
|
| 856 |
4 |
0 |
|z Texto completo
|u https://projectmuse.uam.elogim.com/book/41353/
|
| 945 |
|
|
|a Project MUSE - Custom Collection
|
| 945 |
|
|
|a Project MUSE - 2015 Global Cultural Studies
|
| 945 |
|
|
|a Project MUSE - 2015 Complete
|